| 000 | 00522nam a22001697a 4500 | ||
|---|---|---|---|
| 005 | 20231026102908.0 | ||
| 008 | 231026b |||||||| |||| 00| 0 eng d | ||
| 041 | _aAfrikaans | ||
| 082 | _a347 DEV | ||
| 100 |
_aDe Vos, W _lAfrikaans |
||
| 245 |
_aVerrykingsaanspreeklikheid in die Suid-Afrikaanse Reg / _cW De Vos |
||
| 250 | _aTweede Uitgawe | ||
| 260 |
_aKaapstad : _bJuta en Kie., Beperk , _c1971 |
||
| 300 |
_bxxv, 341 pages ; _c26 cm. |
||
| 650 |
_aLegal practice _bLaw |
||
| 942 |
_cBK _6ALISON_BN_VRIES |
||
| 999 |
_c82 _d82 |
||